Eduard Schleich d. Ä. und Carl Spitzweg : eine Künstlerfreundschaft ; [erscheint zur Ausstellung Eduard Schleich und Carl Spitzweg - Eine Künstlerfreundschaft in der Gemäldegalerie Dachau, 18. November 2011 bis 9. April 2012]
Saved in:
| Other Authors: | |
|---|---|
| Document Type: | Conference Proceeding Book |
| Language: | German |
| Published: |
Dachau
: Zweckverb. Dachauer Galerien und Museen
, 2011
|
| Subjects: | |
| Online Access: | Inhaltsverzeichnis |
| Related Items: | Rezensiert in:
[Rezension von: Eduard Schleich d.Ä., Carl Spritzweg, Eine Künstlerfreundschaft - Heimatverein für den Landkreis Vilsbiburg, "... mich adelt die Kunst"] Rezensiert in: [Rezension] |
| Author Notes: | [Hrsg.: Zweckverband Dachauer Galerien und Museen. Katalogtexte: Elisabeth Boser; Michael Vogt]. Gemäldegalerie Dachau |
| LEADER | 03803cam a2200709 c 4500 | ||
|---|---|---|---|
| 001 | 680107746 | ||
| 003 | DE-627 | ||
| 005 | 20260616225554.0 | ||
| 007 | tu | ||
| 008 | 111218s2011 gw ||||| c 00| ||ger c | ||
| 016 | 7 | |a 1017474575 |2 DE-101 | |
| 020 | |a 9783930941735 |q kart.: 22.00 Euro |9 978-3-930941-73-5 | ||
| 035 | |a (DE-627)680107746 | ||
| 035 | |a (DE-576)363223797 | ||
| 035 | |a (DE-599)DNB1017474575 | ||
| 035 | |a (OCoLC)838956679 | ||
| 035 | |a (OCoLC)772904555 | ||
| 035 | |a (DE-604)BV039748349 | ||
| 040 | |a DE-627 |b ger |c DE-627 |e rakwb | ||
| 041 | |a ger | ||
| 044 | |c XA-DE | ||
| 082 | 0 | |a 759.309034 |q BSZ | |
| 082 | 0 | 4 | |a 750 |q DNB |
| 084 | |a 9,10 |2 ssgn | ||
| 084 | |a 20.31 |2 bkl | ||
| 084 | |a 21.02 |2 bkl | ||
| 090 | |a a | ||
| 245 | 0 | 0 | |a Eduard Schleich d. Ä. und Carl Spitzweg |b eine Künstlerfreundschaft ; [erscheint zur Ausstellung Eduard Schleich und Carl Spitzweg - Eine Künstlerfreundschaft in der Gemäldegalerie Dachau, 18. November 2011 bis 9. April 2012] |c [Hrsg.: Zweckverband Dachauer Galerien und Museen. Katalogtexte: Elisabeth Boser; Michael Vogt]. Gemäldegalerie Dachau |
| 264 | 1 | |a Dachau |b Zweckverb. Dachauer Galerien und Museen |c 2011 | |
| 300 | |a 119 S. |b zahlr. Ill. |c 28 cm | ||
| 336 | |a Text |b txt |2 rdacontent | ||
| 336 | |a unbewegtes Bild |b sti |2 rdacontent | ||
| 337 | |a ohne Hilfsmittel zu benutzen |b n |2 rdamedia | ||
| 338 | |a Band |b nc |2 rdacarrier | ||
| 583 | 1 | |a Archivierung/Langzeitarchivierung gewährleistet |f SSG |x XA-DE-BW |2 pdager |5 DE-16 | |
| 655 | 7 | |a Ausstellungskatalog |y 2011 |z Dachau |0 (DE-588)4135467-9 |0 (DE-627)10566491X |0 (DE-576)209660988 |2 gnd-content | |
| 655 | 7 | |a Ausstellungskatalog |y 2012 |z Dachau |0 (DE-588)4135467-9 |0 (DE-627)10566491X |0 (DE-576)209660988 |2 gnd-content | |
| 689 | 0 | 0 | |d p |0 (DE-588)118759299 |0 (DE-627)694920835 |0 (DE-576)20941667X |a Schleich, Eduard |d 1812-1874 |2 gnd |
| 689 | 0 | 1 | |d p |0 (DE-588)118616307 |0 (DE-627)13426875X |0 (DE-576)163146195 |a Spitzweg, Carl |d 1808-1885 |2 gnd |
| 689 | 0 | 2 | |d s |0 (DE-588)4037220-0 |0 (DE-627)10623871X |0 (DE-576)209022892 |a Malerei |2 gnd |
| 689 | 0 | |5 (DE-627) | |
| 700 | 1 | |8 1\p |a Boser, Elisabeth |d 1957- |0 (DE-588)1104705036 |0 (DE-627)861995937 |0 (DE-576)47136410X |4 oth | |
| 700 | 1 | |a Vogt, Michael |0 (DE-627)1233433601 |0 (DE-576)163433607 |4 oth | |
| 700 | 1 | |a Schleich, Eduard |d 1812-1874 |e Ill. |0 (DE-588)118759299 |0 (DE-627)694920835 |0 (DE-576)20941667X |4 ill | |
| 700 | 1 | |a Spitzweg, Carl |d 1808-1885 |e Ill. |0 (DE-588)118616307 |0 (DE-627)13426875X |0 (DE-576)163146195 |4 ill | |
| 710 | 2 | |a Zweckverband Dachauer Galerien und Museen |0 (DE-588)5102097-X |0 (DE-627)148792561 |0 (DE-576)19470968X |4 oth | |
| 710 | 2 | |a Dachauer Gemäldegalerie |0 (DE-588)801260-X |0 (DE-627)102202788 |0 (DE-576)192601113 |4 oth | |
| 711 | 2 | |a Ausstellung Eduard Schleich und Carl Spitzweg - Eine Künstlerfreundschaft |d 2011 - 2012 |c Dachau |0 (DE-588)16332013-5 |0 (DE-627)676512240 |0 (DE-576)354093029 |4 oth | |
| 787 | 0 | 8 | |i Rezensiert in |a Tavernier, Ludwig, 1955 - |t [Rezension von: Eduard Schleich d.Ä., Carl Spritzweg, Eine Künstlerfreundschaft - Heimatverein für den Landkreis Vilsbiburg, "... mich adelt die Kunst"] |d Regensburg : Schnell und Steiner, 2013 |w (DE-627)1553414187 |w (DE-576)483414182 |
| 787 | 0 | 8 | |i Rezensiert in |t [Rezension] |d 2013 |w (DE-627)175254563X |
| 856 | 4 | 2 | |u https://swbplus.bsz-bw.de/bsz363223797inh.htm |m B:DE-576;DE-16 |q application/pdf |v 20121218112446 |x Verlag |3 Inhaltsverzeichnis |7 1 |
| 883 | |8 1\p |a cgwrk |d 20241001 |q DE-101 |u https://d-nb.info/provenance/plan#cgwrk | ||
| 935 | |i sf | ||
| 935 | |i Blocktest | ||
| 936 | b | k | |a 20.31 |j Bildende Künstler |0 (DE-627)181571080 |
| 936 | b | k | |a 21.02 |j Geschichte der Malerei |0 (DE-627)106406698 |
| 951 | |a BO | ||
| 990 | |a Schleich, Eduard | ||
| 990 | |a Spitzweg, Carl | ||
| 990 | |a Malerei | ||
| 991 | |a Rezensiertes Werk | ||
| 999 | |a KXP-PPN680107746 |e 4160027148 | ||


